[Event "e2e4 Uxbridge Open"]
[Site "Denham ENG"]
[Date "2011.03.20"]
[Round "4"]
[White "Mangione,C"]
[Black "Mason,D"]
[Result "1/2-1/2"]
[WhiteElo "2110"]
[BlackElo "2255"]

1.c4 e5 2.g3 Nc6 3.Nc3 f5 4.Nf3 Nf6 5.d4 e4 6.Nh4 d6 7.Bh3 g6 8.Bg5 Bg7 9.Qd2 O-O
10.O-O-O a6 11.f3 exf3 12.exf3 b5 13.Bf1 Na5 14.Ng2 Nxc4 15.Bxc4+ bxc4 16.d5 Bd7
17.Bh6 Re8 18.Bxg7 Kxg7 19.Nf4 Qe7 20.Rhe1 Qf7 21.Qd4 g5 22.Ng2 h6 23.Ne3 Re7
24.Nxc4 Rae8 25.Rxe7 Qxe7 26.a4 Bc8 27.h3 Kg8 28.g4 Nd7 29.Kb1 Ne5 30.Re1 fxg4
31.fxg4 Qg7 32.Nxe5 Rxe5 33.Rxe5 Qxe5  1/2-1/2

[Event "Zonal 2.3 Caribbean 2011"]
[Site "Santiago de los Caballeros DOM"]
[Date "2011.03.20"]
[Round "3"]
[White "Leon Hoyos,M"]
[Black "Lorenzana,W"]
[Result "1-0"]
[WhiteElo "2546"]
[BlackElo "2227"]

1.c4 e5 2.g3 Nf6 3.Bg2 d5 4.cxd5 Nxd5 5.Nf3 Nc6 6.Nc3 Nb6 7.O-O Be7 8.a3 Be6
9.d3 f6 10.b4 a5 11.b5 Nd4 12.Nd2 Nd5 13.Bxd5 Bxd5 14.e3  1-0

[Event "TCh-SUI 2011"]
[Site "Switzerland SUI"]
[Date "2011.03.20"]
[Round "2.7"]
[White "Papa,S"]
[Black "Steenhuis,J"]
[Result "1-0"]
[WhiteElo "2412"]
[BlackElo "2103"]

1.c4 e5 2.g3 Nf6 3.Bg2 Nc6 4.Nf3 g6 5.Nc3 Bg7 6.O-O O-O 7.d3 d6 8.Rb1 a5
9.a3 h6 10.b4 axb4 11.axb4 Be6 12.b5 Ne7 13.Qb3 Qd7 14.Bb2 Bh3 15.Ra1 Rab8
16.b6 c5 17.Nb5 Bxg2 18.Kxg2 Nh5 19.e3 Qc6 20.Na7 Qd7 21.Nd2 f5 22.Rae1 Rf7
23.d4 cxd4 24.exd4 e4 25.f3 exf3+ 26.Rxf3 f4 27.Qb5 Nf5 28.Qxd7 Rxd7 29.Nb5 Rc8
30.Kh3 Ne3 31.gxf4 Nxc4 32.Rc1 Nxb6 33.Rxc8+ Nxc8 34.Ne4 d5 35.Ng3 Nf6 36.Ra3 Nb6
37.Kg2 Kf7 38.Ra7 Nc4 39.Bc3 h5 40.Bb4 h4 41.Ne2 Nh5 42.Ra8 Ke6 43.Re8+ Kf5
44.Kf3 Nf6 45.Re5+ Nxe5+ 46.dxe5 g5 47.Ned4+ Kg6 48.exf6 Bxf6 49.f5+ Kh5
50.h3 Rd8 51.Ne6 Rc8 52.Nbc7 Be5 53.Nxd5 Rc2 54.Be7 Rh2 55.Nxg5 b5 56.f6  1-0

[Event "ch-VIE Women"]
[Site "Da Lat VIE"]
[Date "2011.03.21"]
[Round "3.4"]
[White "Hoang Thi Nhu Y"]
[Black "Pham Thi Thu Hien"]
[Result "0-1"]
[WhiteElo "2243"]
[BlackElo "2055"]

1.c4 e5 2.g3 Nf6 3.Bg2 d5 4.cxd5 Nxd5 5.Nf3 Nc6 6.O-O Be7 7.d4 exd4 8.Nxd4 Nxd4
9.Qxd4 Nf6 10.Qa4+ c6 11.Rd1 Qb6 12.Nc3 O-O 13.Qc2 Be6 14.Be3 Qa5 15.Rd4 Qf5
16.Qxf5 Bxf5 17.Na4 Ng4 18.Bf4 b5 19.h3 Nxf2 20.Kxf2 bxa4 21.Rxa4 Bc5+ 22.Kf1 Bb6
23.Rc4 Rac8 24.g4 Be6 25.Rc2 c5 26.b3 c4 27.b4 Rcd8 28.a4 a5 29.bxa5 Bxa5
30.Rb1 h6 31.Bf3 g5 32.Rb5 Rd1+ 33.Kg2 Be1 34.Bc7 Ra1 35.a5 c3 36.Bb6 Bd7
37.Rc5 Ra3 38.Bc6 Be6 39.e4 Rc8 40.Kf1 Ra1 41.Ke2 Bb3 42.Bd5 Rxc5 43.Bxb3 Rb5
44.Bc4 Rb2 45.Bd3 Rxc2+ 46.Bxc2 Ra2 47.Kd3 Kf8 48.Bc5+ Ke8 49.Bb4 Kd8 50.Bf8 Rxa5
51.Bxh6 Ke7 52.Bb3 f6 53.Bg7 Rb5 54.Kc2 Rc5 55.Bd5 Bg3 56.Bb3 Be5  0-1

[Event "Kiev Spring 2011"]
[Site "Kiev UKR"]
[Date "2011.03.22"]
[Round "5.26"]
[White "Glushko,Anton"]
[Black "Kozhukina,Olena"]
[Result "0-1"]
[WhiteElo "1799"]
[BlackElo "2005"]

1.g3 e5 2.c4 f5 3.Nc3 Nc6 4.d3 Nf6 5.Bg2 g6 6.e3 Bg7 7.Nge2 O-O 8.Rb1 d6
9.b4 g5 10.b5 Ne7 11.Qb3 Kh8 12.f4 gxf4 13.gxf4 Qe8 14.Bd2 Qh5 15.Kd1 Ng4
16.Kc2 Ng6 17.Rbf1 Nh4 18.Ng3 Qe8 19.Bh3 Be6 20.Bxg4 fxg4 21.e4 Nf3 22.Rxf3 gxf3
23.f5 Bf7 24.Qb1 a6 25.a4 axb5 26.cxb5 c6 27.b6 d5 28.Rf1 d4 29.Nd1 Rxa4
30.Rxf3 Qe7 31.Nb2 Ra2 32.Kd1 Rfa8 33.Ke2 Qh4 34.Rf2 Bh6 35.Nc4 Bxc4  0-1

[Event "Kiev Spring 2011"]
[Site "Kiev UKR"]
[Date "2011.03.23"]
[Round "6.32"]
[White "Zhak,B"]
[Black "Romanenko,Aleksandr"]
[Result "0-1"]
[WhiteElo "2003"]
[BlackElo "1680"]

1.c4 e5 2.g3 Nf6 3.Bg2 Nc6 4.Nc3 Bb4 5.a3 Bxc3 6.bxc3 O-O 7.e3 Qe7 8.d4 e4
9.Ne2 b6 10.O-O d6 11.Nf4 Bb7 12.Qe2 Nb8 13.a4 a5 14.f3 Nbd7 15.fxe4 Bxe4
16.Nd5 Nxd5 17.cxd5 Nf6 18.c4 Bxg2 19.Qxg2 Ne4 20.Rf4 Rae8 21.h4 f5 22.Qh3 Rf6
23.Kh2 Ref8 24.Qg2 Rg6 25.Rf3 Rff6 26.Bd2 Rg4 27.Be1 g6 28.Ra2 Rf8 29.Re2 Re8
30.Qf1 Nf6 31.Rf4 Qd7 32.Ra2 Rxe3 33.Rxg4 Nxg4+ 34.Kh3 Qe8 35.Bf2 Nxf2+ 36.Qxf2 Qe4
37.Rd2 Re1 38.g4 Rh1+  0-1

[Event "5th Agzamov Mem"]
[Site "Tashkent UZB"]
[Date "2011.03.24"]
[Round "7"]
[White "Roiz,M"]
[Black "Egin,V"]
[Result "1/2-1/2"]
[WhiteElo "2661"]
[BlackElo "2408"]

1.c4 e5 2.g3 Nf6 3.Bg2 c6 4.d4 exd4 5.Qxd4 d5 6.Nf3 Be7 7.cxd5 cxd5 8.Qa4+ Nc6
9.O-O O-O 10.Rd1 Be6 11.Nc3 a6 12.Be3 b5 13.Qc2 Rc8 14.Ng5 Ne5 15.Qb1 g6
16.Bd4 Qc7 17.Nxe6 fxe6 18.e4 b4 19.Ne2 Nxe4 20.Nf4 Ng5 21.Kh1 Ng4 22.Nxe6 Nxe6
23.Bxd5 Nxf2+ 24.Bxf2 Rxf2 25.Qe4 Qc2 26.Qxe6+ Kh8 27.Qh3 Rc7 28.Rf1 Bf6
29.Rxf2 Qxf2 30.Rf1 Qe2  1/2-1/2

[Event "ch-VIE Men"]
[Site "Da Lat VIE"]
[Date "2011.03.25"]
[Round "8.7"]
[White "Pham Duc Thang"]
[Black "Tran Thanh Tu"]
[Result "0-1"]
[WhiteElo "2232"]
[BlackElo "2335"]

1.c4 e5 2.g3 Nf6 3.Bg2 d5 4.cxd5 Nxd5 5.Nf3 Nc6 6.O-O Nb6 7.d3 Be7 8.Nbd2 Be6
9.a3 a5 10.b3 O-O 11.Qc2 f6 12.Bb2 Rf7 13.Rfd1 Bf8 14.Nc4 Rd7 15.Nxb6 cxb6
16.Rdc1 Rc8 17.Nd2 Rdc7 18.Qd1 Nd4 19.Rxc7 Qxc7 20.Rc1 Qxc1 21.Bxc1 Rxc1  0-1

[Event "ch-Moscow S/F 2011"]
[Site "Moscow RUS"]
[Date "2011.03.26"]
[Round "8"]
[White "Mesropov,K"]
[Black "Kachar,V"]
[Result "1/2-1/2"]
[WhiteElo "2434"]
[BlackElo "2288"]

1.c4 e5 2.g3 Nc6 3.Bg2 Bc5 4.Nc3 d6 5.Na4 Nge7 6.Nxc5 dxc5 7.d3 O-O 8.Nf3 f6
9.O-O Bg4 10.a3 a5 11.Be3 b6 12.Nd2 Qd7 13.Nb1 Bh3 14.Nc3 Bxg2 15.Kxg2 Nd4
16.Bd2 Rae8 17.Rb1 f5 18.f3 Qd6 19.b4 axb4 20.axb4 cxb4 21.Nb5 Qd7 22.Bxb4 Ra8
23.Rf2 Rfe8 24.Bxe7 Rxe7 25.e3 Ne6 26.Nc3 Rf7 27.Rb5 Nc5 28.d4 exd4 29.exd4 Ne6
30.d5 Nc5 31.d6 Qxd6 32.Qxd6 cxd6 33.Rxb6 Na4 34.Nxa4 Rxa4 35.Rc6 h6 36.Rd2 Rf6
37.Rc7 Rf7 38.Rc8+ Rf8 39.Rc6 Rf6 40.Rb2 Ra7 41.Rbb6 Ra2+ 42.Kh3 Re6 43.g4 fxg4+
44.Kxg4 Rg2+ 45.Kh3 Ree2 46.Rxd6 Rxh2+ 47.Kg4 Reg2+ 48.Kf5 Rh4 49.Rbc6 Rg5+
50.Ke6 Rf4 51.Rc8+ Kh7 52.Rd3 Rf6+ 53.Kd7 Rgf5 54.c5 Rf7+ 55.Kd6 R7f6+ 56.Kd7 Rf7+
57.Kd6 R7f6+  1/2-1/2

[Event "ch-VIE Men Places"]
[Site "Da Lat VIE"]
[Date "2011.03.28"]
[Round "1.7"]
[White "Pham Duc Thang"]
[Black "Doan Van Duc"]
[Result "0-1"]
[WhiteElo "2232"]
[BlackElo "2090"]

1.c4 e5 2.g3 Nf6 3.Bg2 Nc6 4.Nc3 Bc5 5.a3 a6 6.e3 O-O 7.Nge2 d6 8.O-O Ba7
9.h3 Re8 10.d3 Be6 11.Nd5 Bxd5 12.cxd5 Ne7 13.e4 c6 14.dxc6 Nxc6 15.Kh2 Rc8
16.f4 b5 17.b4 h5 18.Bb2 h4 19.g4 exf4 20.Rxf4 Ne5 21.Nd4 Ng6 22.Rf5 d5 23.exd5 Qd6+
24.Kh1 Nf4 25.Rg5 Bxd4 26.Bxd4 Nxg2 27.Qf3 Nf4 28.Rf1 Ng6 29.Bc5 Qd7 30.Rf5 Re5
31.Bd4 Rxf5 32.gxf5 Ne7 33.Bxf6 gxf6 34.Qg4+ Kf8 35.Qxh4 Qxd5+ 36.Kg1 Rc2
37.Qg4 Qxd3 38.Rd1 Qe3+ 39.Kh1 Rc1 40.Rxc1 Qxc1+ 41.Kh2 Qc2+ 42.Kh1 Qf2  0-1

[Event "Karposh Open"]
[Site "Skopje MKD"]
[Date "2011.04.03"]
[Round "2"]
[White "Ilic,Ljubo"]
[Black "Sekulovska,V"]
[Result "0-1"]
[WhiteElo "2222"]
[BlackElo "2117"]

1.g3 e5 2.c4 c6 3.Bg2 Nf6 4.Nc3 Be7 5.d3 O-O 6.Nf3 d6 7.O-O h6 8.Rb1 Be6
9.b4 Qc8 10.Qc2 Nbd7 11.Ba3 d5 12.cxd5 Nxd5 13.Qb2 Nxc3 14.Qxc3 Bxa2 15.Rbc1 Bd5
16.e4 Be6 17.Nxe5 Nxe5 18.Qxe5 Rd8 19.Qc3 Qd7 20.Bb2 Bf6 21.e5 Be7 22.d4 Bd5
23.Bxd5 Qxd5 24.Qc4 Qxc4 25.Rxc4 Rd5 26.Kg2 Rad8 27.f4 a6 28.Kf3 g6 29.g4 f5
30.gxf5 gxf5 31.Rg1+ Kf7 32.h4 Rg8 33.Rxg8 Kxg8 34.h5 Kf7 35.Rc1 Bxb4 36.Rg1 Bf8
37.Rg6 Rb5 38.Bc1 Rb3+ 39.Be3 a5 40.Rf6+ Ke8 41.Rxf5 a4 42.e6 b5 43.Rf7 Be7
44.Ke4 a3 45.f5 a2 46.f6 a1=Q 47.Rxe7+ Kd8  0-1

[Event "Karposh Open"]
[Site "Skopje MKD"]
[Date "2011.04.05"]
[Round "5"]
[White "Vasovski,N"]
[Black "Drazic,S"]
[Result "0-1"]
[WhiteElo "2308"]
[BlackElo "2467"]

1.c4 e5 2.g3 g6 3.Bg2 Bg7 4.Nc3 Ne7 5.e3 Nbc6 6.Nge2 d6 7.O-O Be6 8.d3 Qd7
9.Nd5 Nc8 10.Rb1 Nd8 11.b4 c6 12.Ndc3 Ne7 13.b5 c5 14.e4 Bh3 15.Nd5 Nxd5
16.cxd5 Bxg2 17.Kxg2 f5 18.f4 O-O 19.Qc2 b6 20.Ng1 exf4 21.Bxf4 Nf7 22.exf5 Qxf5
23.Qc4 Qd7 24.Nf3 Rfe8 25.Rf2 h6 26.h4 Re7 27.a4 Rae8 28.Rbf1 Qg4 29.Nh2 Qh5
30.g4 Qxh4 31.Bg3 Qg5 32.Bf4 Qf6 33.Bxh6 Qd4 34.Bxg7 Qxc4 35.dxc4 Kxg7 36.Rf4 Re2+
37.R1f2 Rxf2+ 38.Kxf2 Ne5 39.Kg2 Nd3 40.Rf3 Nb2 41.Rc3 Re4 42.Kf3 Rd4 43.Re3 Kf7
44.Re6 Nxc4 45.g5 Rxd5 46.Rf6+ Kg7 47.Kf4 Rd4+ 48.Kg3 Ne5 49.Re6 Kf7  0-1

[Event "TCh-NED"]
[Site "Netherlands NED"]
[Date "2011.04.09"]
[Round "8.1"]
[White "Van der Werf,M"]
[Black "Bezemer,A"]
[Result "1-0"]
[WhiteElo "2432"]
[BlackElo "2318"]

1.c4 e5 2.g3 Nf6 3.Bg2 d5 4.cxd5 Nxd5 5.Nc3 Nb6 6.Nf3 Nc6 7.O-O Be7 8.a3 O-O
9.b4 Be6 10.Rb1 f6 11.Ne4 Ba2 12.Rb2 Bf7 13.Nc5 Qc8 14.Qc2 Nd8 15.d4 Nc4
16.Rb1 exd4 17.Nxd4 Nd6 18.h4 Bg6 19.e4 b6 20.Ncb3 Re8 21.Bb2 a5 22.bxa5 c5
23.Nf5 c4 24.Nbd4 Rxa5 25.Bc3 Ra6 26.Bb4 Nxf5 27.Nxf5 Bxf5 28.exf5 Bxb4 29.axb4 b5
30.Rfe1 Nc6 31.Qd2 Ne5 32.Qd5+ Kh8 33.Qxb5 Ra2 34.f4 Nd7 35.Bc6 Rxe1+ 36.Rxe1 h6
37.Bxd7 Qc7 38.Bc8 Kh7 39.Qc5 Qb8 40.Be6 c3 41.Bxa2  1-0

[Event "TCh-HUN 2010-11"]
[Site "Budapest HUN"]
[Date "2011.04.10"]
[Round "8"]
[White "Videki,S"]
[Black "Medvegy,N"]
[Result "1-0"]
[WhiteElo "2441"]
[BlackElo "2336"]

1.c4 e5 2.g3 c6 3.d4 Bb4+ 4.Bd2 Bxd2+ 5.Qxd2 d6 6.Nc3 Nf6 7.Bg2 Qe7 8.e3 O-O
9.Nge2 Nbd7 10.h3 Re8 11.O-O Nb6 12.b3 a5 13.g4 a4 14.Rae1 h6 15.Ng3 Nh7
16.f4 axb3 17.axb3 exf4 18.exf4 Qf8 19.Rxe8 Qxe8 20.c5 dxc5 21.dxc5 Nd7 22.Re1 Qf8
23.b4 Ra3 24.Nf5 Ndf6 25.Nd6 Qd8 26.g5 hxg5 27.fxg5 Nxg5 28.Qxg5 Rxc3 29.Re8+ Qxe8
30.Nxe8 Nxe8 31.Qd8  1-0

[Event "11th BCC Thailand Open"]
[Site "Pattaya THA"]
[Date "2011.04.11"]
[Round "1"]
[White "Hansen,SuB"]
[Black "Jayaram,R"]
[Result "1-0"]
[WhiteElo "2603"]
[BlackElo "2070"]

1.c4 e5 2.g3 Nf6 3.Bg2 g6 4.Nc3 Bg7 5.e4 O-O 6.Nge2 d6 7.d3 Nbd7 8.O-O a5
9.h3 c6 10.Be3 Qc7 11.Qd2 Nc5 12.f4 b6 13.Rad1 Ba6 14.b3 Rad8 15.f5 gxf5
16.Rxf5 Bc8 17.Rf2 Ne8 18.Rdf1 Ne6 19.g4 Nd4 20.Ng3 f6 21.Nh5 Qe7  1-0

[Event "11th BCC Thailand Open"]
[Site "Pattaya THA"]
[Date "2011.04.13"]
[Round "5.6"]
[White "Hansen,SuB"]
[Black "Voigt,Ma"]
[Result "1/2-1/2"]
[WhiteElo "2603"]
[BlackElo "2325"]

1.c4 e5 2.g3 Nc6 3.Bg2 f5 4.Nc3 Nf6 5.e3 d5 6.cxd5 Nb4 7.d3 Nfxd5 8.Nxd5 Nxd5
9.Nf3 Qd6 10.O-O Be7 11.e4 Nb4 12.d4 fxe4 13.Nxe5 Bf5 14.Bf4 Qb6 15.Qe2 Rd8
16.Rad1 Nd5 17.Bc1 O-O 18.Bxe4 Bxe4 19.Qxe4 Bf6 20.a3 Qe6 21.Rfe1 Rfe8 22.Qf3 c6
23.Bd2 Qd6 24.Qh5 Bxe5 25.dxe5 Qe6 26.Re4 g6 27.Qe2 Nf6 28.Rf4 Nd5 29.Rf3 Qxe5
30.Qxe5 Rxe5 31.Bh6 Rde8 32.Rd4 Rf5 33.Rxf5 gxf5 34.Kf1 Kf7 35.Bd2 Kg6 36.Rh4 a6
37.Rh6+ Kg7 38.Rd6 Re7 39.Bg5 Rc7 40.Kg2 Nb6 41.Bf6+ Kg8 42.Rd8+ Kf7 43.Bd4 Nc4
44.Bc3 Ke6 45.Kf3 Rf7 46.Kf4 Nb6 47.Bd4 Nd5+ 48.Kg5 f4 49.g4 f3 50.Re8+ Kd7
51.Rh8 b6 52.b4 Kd6 53.Rd8+ Ke6 54.Re8+ Kd7 55.Rg8 Ke6 56.Rh8 Kd6 57.h4 c5
58.bxc5+ bxc5 59.Rd8+ Kc6 60.Rc8+ Nc7 61.Be5 c4 62.Kh6 Kb7 63.Rh8 Nd5 64.Rxh7 Rxh7+
65.Kxh7 c3 66.g5 c2 67.Bb2 Nf4 68.g6 Nd3 69.g7 Nxb2 70.g8=Q c1=Q 71.Qb3+ Ka7
72.Qxf3 Qc7+ 73.Kg6 Nc4 74.Qe4 Qd6+ 75.Kg5 Qd8+ 76.Kg6 Qg8+ 77.Kh6 Qf8+ 78.Kg6 Qg8+
79.Kh6 Qf8+ 80.Kg6  1/2-1/2

[Event "ch-POR Youth U20"]
[Site "Torres Vedras POR"]
[Date "2011.04.14"]
[Round "7.1"]
[White "Cavaleiro,D"]
[Black "Santos,H"]
[Result "1/2-1/2"]
[WhiteElo "1903"]
[BlackElo "2065"]

1.c4 e5 2.g3 Nc6 3.Bg2 g6 4.Nc3 Bg7 5.a3 f5 6.d3 Nf6 7.e3 O-O 8.Nge2 d6 9.O-O Be6
10.Nd5 e4 11.Nef4 Bf7 12.Nxf6+ Qxf6 13.Nd5 Qd8 14.dxe4 fxe4 15.Bxe4 Ne5 16.Rb1 c6
17.Nf4 Bxc4 18.Ne2 d5 19.Bg2 Ba6 20.b4 Bd3 21.Rb3 Bc4 22.Rc3 Bxe2 23.Qxe2 Nf3+
24.Bxf3 Bxc3 25.Bg2 Qf6 26.Qc2 Rae8 27.b5 Rd8 28.Qa4 Rd7 29.Qb3 Kh8 30.a4 d4
31.bxc6 bxc6 32.e4 d3 33.Bh6 Re8 34.h4 d2 35.Bh3 Rdd8 36.Bg5 Qd4 37.Bxd8 Rxd8
38.Bg4  1/2-1/2

[Event "Italian Rapid g30"]
[Site "Fano ITA"]
[Date "2011.04.15"]
[Round "9"]
[White "Brunello,S"]
[Black "Genocchio,D"]
[Result "0-1"]
[WhiteElo "2533"]
[BlackElo "2433"]

1.c4 e5 2.g3 Nc6 3.Bg2 h5 4.Nf3 Bc5 5.Nc3 d6 6.d3 a6 7.Bg5 Nge7 8.Qd2 Be6
9.Be3 f6 10.a3 Nf5 11.b4 Nxe3 12.fxe3 Ba7 13.O-O-O Qd7 14.Kb2 Ne7 15.Ne1 c6
16.Nc2 Rb8 17.d4 Bxc4 18.dxe5 fxe5 19.Qxd6 Qxd6 20.Rxd6 Nf5 21.Rg6 Rd8 22.e4 Ne3
23.Nxe3 Bxe3 24.Rxg7 Rd2+ 25.Kb1 Bd4 26.Rc1 Bf7 27.Rg5 h4 28.g4 Rg8 29.Rxg8+ Bxg8
30.Bf3 Bb3 31.g5 Kf7 32.Bh5+ Kg7  0-1

[Event "17th Schloss Open A"]
[Site "Werther GER"]
[Date "2011.04.15"]
[Round "2"]
[White "Callenberg,R"]
[Black "Michalczak,T"]
[Result "0-1"]
[WhiteElo "2115"]
[BlackElo "2332"]

1.c4 e5 2.g3 Nc6 3.Nc3 f5 4.Nf3 Nf6 5.d4 e4 6.Nh4 g6 7.Bg5 Bg7 8.Qd2 Kf7
9.f3 h6 10.Be3 d5 11.Bh3 f4 12.Bxc8 fxe3 13.Be6+ Kxe6 14.Qxe3 Kf7 15.Rf1 dxc4
16.d5 Ne5 17.Qd4 Re8 18.f4 Neg4 19.h3 Nd7 20.Qg1 Ngf6 21.O-O-O Nb6 22.g4 Nfxd5
23.Nxd5 Nxd5 24.g5 c6 25.gxh6 Bxb2+ 26.Kxb2 Qxh4 27.f5 Qf6+ 28.Kb1 g5 29.Rc1 b5
30.h4 g4 31.Qxg4 Qxh6 32.Qg3 Rg8 33.Qa3 Qf6 34.Qa6 Kg7 35.Rg1+ Kh8 36.Rg5 Rxg5
37.hxg5 Qxf5 38.Rh1+ Kg8 39.Qxc6 e3+ 40.Kc1 Qc2+ 41.Kxc2 Nb4+ 42.Kc3 Nxc6
43.Rh6 Rc8 44.a4 a6 45.axb5 axb5 46.Rd6 Kg7 47.Rh6 Ne5 48.Rb6 Rc5 49.Rh6 Rc6
50.Rh1 Kg6 51.Rb1 Kxg5 52.Rxb5 Kf4 53.Rd5 Rc7 54.Rd1 Rd7 55.Rf1+ Ke4 56.Rh1 Rd2
57.Rh2 Ng6 58.Kxc4 Nf4 59.Rh8 Rc2+  0-1

[Event "Caissa IM April 2011"]
[Site "Kecskemet HUN"]
[Date "2011.04.18"]
[Round "3.4"]
[White "Meszaros,Gyu"]
[Black "Gupta,B"]
[Result "1-0"]
[WhiteElo "2422"]
[BlackElo "1804"]

1.c4 e5 2.g3 Nf6 3.Bg2 Nc6 4.Nc3 Bb4 5.Nd5 Bc5 6.d3 h6 7.Nf3 d6 8.O-O O-O
9.Be3 Bxe3 10.Nxe3 Be6 11.d4 exd4 12.Nxd4 Nxd4 13.Qxd4 Rb8 14.Qxa7 Qd7 15.Qd4 Bh3
16.Nd5 Nxd5 17.cxd5 Bxg2 18.Kxg2 Rfe8 19.e3 Re5 20.Rac1 Rbe8 21.Rc4 Rh5 22.h4 Ree5
23.Rfc1 Rxd5 24.Rxc7 Rxd4 25.Rxd7 Rd2 26.Rc8+ Kh7 27.Rxf7 Rb5 28.b3 Rxa2
29.Rcc7 Kg6 30.Rxg7+ Kf5  1-0

[Event "ch-SRB w 2011"]
[Site "Belgrade SRB"]
[Date "2011.04.19"]
[Round "8"]
[White "Stojanovic,Andj"]
[Black "Eric,J"]
[Result "1/2-1/2"]
[WhiteElo "2318"]
[BlackElo "2230"]

1.c4 e5 2.g3 Nf6 3.Bg2 d5 4.cxd5 Nxd5 5.Nf3 Nc6 6.O-O Nb6 7.b3 Be7 8.Bb2 f6
9.d4 exd4 10.Nxd4 Nxd4 11.Bxd4 O-O 12.Nc3 c6 13.Qd2 Bg4 14.h3 Be6 15.Rfd1 Qc8
16.Kh2 Bb4 17.Qb2 Re8 18.e4 Qc7 19.Ne2 Rad8 20.Be3 Bf7 21.Rxd8 Rxd8 22.Nd4 Qe5
23.f4 Qa5 24.Rd1 Nc8 25.Qc2 Qc5 26.Qe2 Qf8 27.Nf5 Rxd1 28.Qxd1 g6 29.Nd4 Qd6
30.Qg4 Ne7 31.Nc2 Bc5 32.Bxc5 Qxc5 33.Qd1 Kg7 34.Qd3 a5 35.Ne3 b5 36.Nc2 a4
37.Nd4 axb3 38.axb3 Qd6 39.f5 Qe5 40.Nf3 Qc5 41.g4 gxf5 42.gxf5 b4 43.Nd2 Qe5+
44.Qg3+ Qxg3+ 45.Kxg3 c5 46.Bf1 Nc6 47.Bc4 Ne5 48.Bxf7 Kxf7 49.Kf4 Ke7 50.Ke3 Kd6
51.h4 h5 52.Nf1 c4 53.bxc4 b3 54.Kd2 Nxc4+ 55.Kc3 b2 56.Kc2 Kc5 57.e5 fxe5
58.f6 Kd6 59.Ng3 Ke6 60.Nxh5 e4 61.Ng3 e3 62.Nf5 Kxf6 63.Nxe3 Nxe3+ 64.Kxb2  1/2-1/2

[Event "Caissa IM April 2011"]
[Site "Kecskemet HUN"]
[Date "2011.04.21"]
[Round "6.2"]
[White "Baldursson,Hr"]
[Black "Keresztes,R"]
[Result "0-1"]
[WhiteElo "2129"]
[BlackElo "2249"]

1.c4 e5 2.g3 Nf6 3.Bg2 Nc6 4.Nc3 g6 5.Nf3 Bg7 6.e4 d6 7.d3 h6 8.O-O Be6 9.Nd5 O-O
10.b4 Ne8 11.b5 Nb8 12.Bb2 c6 13.Ne3 f5 14.Nd2 f4 15.Nc2 c5 16.gxf4 Rxf4
17.f3 Nf6 18.Rf2 Nh5 19.Ne3 Nd7 20.Nd5 Rh4 21.Nf1 g5 22.Ng3 Bh8 23.Ne3 Ng7
24.Bc1 Nf6 25.Rb1 Qd7 26.Bf1 Nfh5 27.Ng2 Rh3 28.Ne3 Nf4 29.Ng4 Bxg4 30.fxg4 Rh4
31.Nf5 Nxf5 32.gxf5 Bf6 33.Rf3 Kh7 34.Be3 g4 35.Rxf4 exf4 36.Bxf4 Be5 37.Bg3 Rh5
38.Be2 Rg8 39.Bxg4 Rhg5 40.Bh5 Bxg3 41.Bg6+ R8xg6 42.fxg6+ Rxg6 43.hxg3 Qh3
44.Kf2 Qh2+  0-1

[Event "Joao Braga Open"]
[Site "Sao Paolo BRA"]
[Date "2011.04.22"]
[Round "4.44"]
[White "Mandetta,J"]
[Black "Nobre,Ja"]
[Result "1-0"]
[WhiteElo "2138"]
[BlackElo "1858"]

1.c4 e5 2.g3 Nf6 3.Bg2 g6 4.Nc3 Bg7 5.e4 O-O 6.Nge2 d6 7.O-O Nc6 8.d3 Bg4
9.h3 Be6 10.Nd5 Qd7 11.Kh2 Ne8 12.Be3 f5 13.exf5 Bxf5 14.Qd2 Nf6 15.Rac1 Be6
16.d4 exd4 17.Nxd4 Nxd4 18.Bxd4 Nxd5 19.cxd5 Bf7 20.Bxg7 Kxg7 21.Qd4+ Kg8
22.h4 Rfe8 23.Rc2 Re5 24.Rfc1 Qb5 25.Rxc7 Bxd5 26.R1c5 Qe2 27.Bxd5+  1-0

[Event "V New Open Lugano"]
[Site "Lugano SUI"]
[Date "2011.04.23"]
[Round "2.3"]
[White "Salvetti,A"]
[Black "Okhotnik,V"]
[Result "0-1"]
[WhiteElo "2262"]
[BlackElo "2458"]

1.c4 e5 2.g3 Nf6 3.Bg2 Nc6 4.Nf3 Bc5 5.O-O d6 6.Nc3 O-O 7.d3 h6 8.a3 a6 9.b4 Ba7
10.Bb2 Ne7 11.e3 Ng6 12.d4 c6 13.Rc1 Bg4 14.h3 Bf5 15.d5 c5 16.b5 Re8 17.Nd2 Qd7
18.Kh2 Bd3 19.Re1 e4 20.a4 Bb6 21.Ne2 Ba5 22.Nf4 Nxf4 23.exf4 axb5 24.axb5 Qf5
25.Re3 Nd7 26.Nxe4 Bxe4 27.Qe2 Nf6 28.Bxf6 Qxf6 29.Bxe4 Bb4 30.Bb1 Rxe3 31.Qxe3 g6
32.Rd1 Kg7 33.h4 Bc3 34.Kg2 Ra4 35.Qe4 Bd4 36.Rc1 Ra3 37.Re1 g5 38.hxg5 hxg5
39.Qe8 Bxf2 40.Rh1 Rxg3+ 41.Kf1 Rg1+ 42.Rxg1 Bxg1 43.Kxg1 Qd4+ 44.Kf1 Qxf4+
45.Kg2 Qd2+ 46.Kh3 Qc3+ 47.Kg4 Qxc4+ 48.Be4 Qc1 49.Qe7 Qf4+ 50.Kh3 c4 51.Kg2 c3
52.Bb1 Qd2+ 53.Kh3 Qxd5 54.Be4 Qe6+ 55.Qxe6 fxe6 56.Kg4 Kf6 57.Kf3 d5 58.Bd3 b6
59.Ke3 e5 60.Bc2 g4  0-1

[Event "Dhamso Open"]
[Site "Ambalangoda SRI"]
[Date "2011.04.24"]
[Round "8"]
[White "Saranga,N"]
[Black "Karunathilaka,H.m.i.s."]
[Result "1-0"]
[WhiteElo "1937"]
[BlackElo "1662"]

1.c4 e5 2.g3 Nc6 3.Bg2 Nf6 4.Nc3 Bc5 5.e3 d6 6.Nge2 Be6 7.d3 O-O 8.O-O d5
9.b3 Qd7 10.Bb2 Rad8 11.e4 dxc4 12.dxc4 Nd4 13.Nxd4 Bxd4 14.Qc2 a6 15.Nd5 Bxd5
16.cxd5 Bxb2 17.Qxb2 c6 18.Qxe5 Rfe8 19.Qd4 cxd5 20.exd5 Qd6 21.Rfe1 Qa3
22.Rxe8+ Nxe8 23.Qb6 Qe7 24.Rc1 h6 25.Bf3 Rd6 26.Qa5 Qd7 27.Bg2 Nf6 28.Rc7 Qd8
29.Qc3 Kh7 30.Qc2+  1-0

[Event "57th ch-WLS"]
[Site "Cardiff WLS"]
[Date "2011.04.24"]
[Round "4.9"]
[White "Ralphs,Nigel"]
[Black "Smith,O"]
[Result "0-1"]
[WhiteElo "1932"]
[BlackElo "2004"]

1.c4 e5 2.g3 Nf6 3.Bg2 c6 4.d4 exd4 5.Qxd4 Na6 6.Nc3 Bc5 7.Qe5+ Be7 8.Nh3 O-O
9.O-O Re8 10.Qd4 d5 11.cxd5 cxd5 12.Nf4 Nb4 13.Qd1 d4 14.Nb5 Bc5 15.a3 Nc6
16.b4 Bb6 17.Bb2 Ne4 18.Qd3 Bf5 19.Rfd1 Nxf2 20.Qxf5 Re5 21.Qb1 Nxd1 22.Qxd1 Rxb5
23.Qd3 Re5 24.b5 Re3 25.bxc6 Rxd3 26.cxb7 Rxg3 27.hxg3 Rb8 28.Rc1 h6 29.Nd3 Kh7
30.Bf3 Qe7 31.Kg2 Rxb7 32.Bxb7 Qxe2+ 33.Nf2 Qxb2 34.Be4+ g6 35.Rc2 Qxa3 36.Bd5 h5  0-1

[Event "Lenk Open"]
[Site "Lenk SUI"]
[Date "2011.04.24"]
[Round "6"]
[White "Gerber,R"]
[Black "Raetsky,A"]
[Result "1-0"]
[WhiteElo "2393"]
[BlackElo "2430"]

1.c4 e5 2.g3 c6 3.d4 e4 4.Nc3 d5 5.cxd5 cxd5 6.Qb3 Nc6 7.Qxd5 Qxd5 8.Nxd5 Nxd4
9.Nc7+ Kd8 10.Nxa8 Nc2+ 11.Kd1 Nxa1 12.Be3 Be6 13.Bxa7 Bxa2 14.Bh3 Bb4 15.e3 Nf6
16.Ne2 Ke7 17.Nb6 Rd8+ 18.Nd4 Nd5 19.Kc1 g6 20.Rd1 Nxb6 21.Bxb6 Rd6 22.Ba7 Ra6
23.Bb8 f5 24.g4 Ra5 25.b3 Nxb3+ 26.Kb2 Nxd4 27.Rxd4 Bc5 28.Rd2 Be6 29.gxf5 Ra2+
30.Kc3 Ra3+ 31.Kb2 Ra2+ 32.Kc3 Rxd2 33.Kxd2 Bxf5 34.Bf1 Bb4+ 35.Kc2 Bd6 36.Bxd6+ Kxd6
37.Kb3 Kc5 38.Bc4 g5 39.Bf7 Bd7 40.Bg8 h6 41.Bf7 Bc6 42.Bh5 Bd5+ 43.Kc3 b5
44.Bd1 b4+ 45.Kb2 Kd6 46.Bc2 Ke5 47.Ba4 Kf5 48.Bd7+ Be6 49.Bc6 h5 50.Bb7 h4
51.Bc6 Kg4 52.Bxe4 Kh3 53.f4 g4 54.f5 Bf7 55.Bc6 Kxh2 56.e4 g3 57.e5 g2 58.Bxg2 Kxg2
59.e6 Bg8  1-0

[Event "V New Open Lugano"]
[Site "Lugano SUI"]
[Date "2011.04.24"]
[Round "4.7"]
[White "Salvetti,A"]
[Black "Di Trapani,D"]
[Result "1/2-1/2"]
[WhiteElo "2262"]
[BlackElo "2018"]

1.c4 e5 2.g3 Nc6 3.Bg2 f5 4.Nc3 Nf6 5.d3 Bc5 6.e3 O-O 7.Nge2 d6 8.O-O Qe8
9.d4 Bb6 10.Rb1 Nd8 11.b4 c6 12.d5 c5 13.Nb5 Qe7 14.Ba3 a6 15.Nbc3 Qc7 16.b5 Bd7
17.bxa6 Rxa6 18.Bb2 Ba5 19.Qc2 Nf7 20.Nb5 Qc8 21.Ba1 Bb4 22.Nec3 f4 23.exf4 exf4
24.Ne4 Nxe4 25.Bxe4 Ng5 26.f3 fxg3 27.hxg3 Bxb5 28.cxb5 Ra3 29.Rb3 Qh3 30.Rxa3 Qxg3+
31.Kh1 Bxa3 32.Rg1 Qh3+ 33.Qh2 Qxh2+ 34.Kxh2 h6 35.Rg3 Bc1 36.Kg2 Bf4 37.Rg4 h5
38.Rh4 Nxe4 39.fxe4 g6 40.a4 b6 41.Bc3 Bg5 42.Rh1 Rf4 43.a5 bxa5 44.b6 Rf7
45.Bxa5 Rb7 46.Kf3 Bd8 47.Rb1 Kf7 48.Ke3 g5 49.Kd3 g4 50.Kc4 h4 51.Kb5 g3
52.Rg1 Re7 53.Kc6 Bxb6 54.Bxb6 Rxe4 55.Kxd6 Rg4 56.Rf1+ Kg6 57.Kxc5 h3 58.Bc7 h2
59.Re1 Rh4  1/2-1/2

[Event "Easter Open"]
[Site "Norrkoping SWE"]
[Date "2011.04.24"]
[Round "6"]
[White "Hillarp Persson,T"]
[Black "Blomqvist,E"]
[Result "0-1"]
[WhiteElo "2524"]
[BlackElo "2419"]

1.c4 e5 2.g3 Nf6 3.Bg2 d5 4.cxd5 Nxd5 5.Nc3 Nb6 6.Nf3 Nc6 7.O-O Be7 8.Rb1 O-O
9.b4 f6 10.b5 Nd4 11.a4 a5 12.e3 Nxf3+ 13.Bxf3 Bf5 14.Qb3+ Kh8 15.Bxb7 Bxb1
16.Qxb1 Rb8 17.Be4 g6 18.Qc2 f5 19.Bg2 e4 20.Ne2 Bf6 21.Nf4 Qd6 22.d4 exd3
23.Nxd3 Nxa4 24.Nf4 Nc3 25.Bb2 Qb4 26.Nd3 Qa4 27.Qxc3 Bxc3 28.Bxc3+ Kg8 29.Bd5+ Rf7
30.Ne5 Rxb5 31.Bxf7+ Kf8 32.Bd4 Rxe5 33.Bxe5 Kxf7 34.Bxc7 g5 35.Rc1 Qa3 36.Rc6 Qb4
37.Rh6 Qb1+ 38.Kg2 Qb7+ 39.Kg1 Kg7  0-1

[Event "57th ch-WLS"]
[Site "Cardiff WLS"]
[Date "2011.04.25"]
[Round "6.7"]
[White "Thomas,Jam"]
[Black "Ralphs,Nigel"]
[Result "1/2-1/2"]
[WhiteElo "1839"]
[BlackElo "1932"]

1.g3 e5 2.c4 Nc6 3.Nc3 g6 4.Bg2 Bg7 5.Nf3 d6 6.d3 f5 7.O-O Nf6 8.Nd5 O-O
9.Rb1 h6 10.Re1 g5 11.b4 Be6 12.Nd2 Qd7 13.b5 Nd8 14.a4 c6 15.Nb4 c5 16.Nd5 Nxd5
17.cxd5 Bf7 18.e4 f4 19.gxf4 exf4 20.Nc4 Be5 21.Bb2 Qe7 22.Bf3 Bg6 23.d4 cxd4
24.Bxd4 Nf7 25.Rc1 g4 26.Bxe5 gxf3 27.Bxf4 Ng5  1/2-1/2